[Event "Barcelona Sant Marti op-B 21st"]
[Site "Barcelona"]
[Date "2019.07.21"]
[Round "9"]
[White "Azimov, Timur"]
[Black "Pascual Gonzalez, Novelles Carle"]
[Result "0-1"]
[WhiteElo "1525"]
[BlackElo "1752"]
[PlyCount "85"]
[EventDate "2019.07.13"]
[EventType "swiss"]
[EventRounds "9"]
[EventCountry "ESP"]
[SourceTitle "EXT 2020"]
[Source "ChessBase"]
[SourceDate "2019.10.17"]
[SourceVersion "1"]
[SourceVersionDate "2019.10.17"]
[SourceQuality "1"]

1. e4 e6 2. d4 d5 3. Nc3 Bb4 4. e5 c5 5. a3 Bxc3+ 6. bxc3 Qc7 7. Qg4 f5 8. Qg3 Nc6 9. Nf3 cxd4 10. cxd4 Nce7 11. Bb5+ Bd7 12. Bxd7+ Kxd7 13. 0-0 Ng6 14. Ng5 N8e7 15. Nf7 Rhf8 16. Nd6 f4 17. Qb3 b6 18. Bd2 Nf5 19. Nxf5 Rxf5 20. Rac1 Qc4 21. Qxc4 dxc4 22. Rb1 Rc8 23. Bb4 Rg5 24. g3 Nh4 25. Kh1 Nf3 26. h4 Rg6 27. gxf4 Rg4 28. f5 exf5 29. Bc3 Rc6 30. Rg1 Nxg1 31. Rxg1 Rxh4+ 32. Kg2 Rg6+ 33. Kf1 Rxg1+ 34. Kxg1 Ke6 35. Kg2 Kd5 36. Kg3 g5 37. Bb2 f4+ 38. Kf3 h5 39. Bc1 c3 40. a4 Rh1 41. Ba3 Rd1 42. Bb4 Rxd4 43. Bxc3 0-1

[Event "Barcelona Sant Marti op-B 21st"]
[Site "Barcelona"]
[Date "2019.07.20"]
[Round "8"]
[White "Pascual Gonzalez, Novelles Carle"]
[Black "Cornejo Vera, Danilo"]
[Result "0-1"]
[WhiteElo "1752"]
[BlackElo "1879"]
[PlyCount "74"]
[EventDate "2019.07.13"]
[EventType "swiss"]
[EventRounds "9"]
[EventCountry "ESP"]
[SourceTitle "EXT 2020"]
[Source "ChessBase"]
[SourceDate "2019.10.17"]
[SourceVersion "1"]
[SourceVersionDate "2019.10.17"]
[SourceQuality "1"]

1. e4 c5 2. Nc3 e6 3. g3 a6 4. Bg2 Nc6 5. f4 Qc7 6. d3 b5 7. Nf3 Bb7 8. 0-0 Nf6 9. h3 0-0-0 10. Be3 Nh5 11. Qe1 h6 12. e5 g6 13. g4 Ng7 14. Ne4 Nb4 15. Qf2 Nd5 16. Nd6+ Bxd6 17. exd6 Qxd6 18. Ne5 Qe7 19. Bd2 d6 20. Nf3 h5 21. b4 hxg4 22. hxg4 Nf6 23. bxc5 Nxg4 24. cxd6 Qxd6 25. Qa7 f5 26. c4 Bxf3 27. Bxf3 Qd4+ 28. Qxd4 Rxd4 29. Bc3 Rd7 30. Bxg4 fxg4 31. cxb5 axb5 32. a4 Rh5 33. Be5 Nf5 34. axb5 Kb7 35. Rfb1 Rdh7 36. Kf2 Rh2+ 37. Ke1 Rg2 0-1

[Event "Barcelona Sant Marti op-B 21st"]
[Site "Barcelona"]
[Date "2019.07.18"]
[Round "6"]
[White "Pascual Gonzalez, Novelles Carle"]
[Black "Volart Buil, Jordi"]
[Result "1-0"]
[WhiteElo "1752"]
[BlackElo "1619"]
[PlyCount "91"]
[EventDate "2019.07.13"]
[EventType "swiss"]
[EventRounds "9"]
[EventCountry "ESP"]
[SourceTitle "EXT 2020"]
[Source "ChessBase"]
[SourceDate "2019.10.17"]
[SourceVersion "1"]
[SourceVersionDate "2019.10.17"]
[SourceQuality "1"]

1. e4 e5 2. Nf3 Qe7 3. Bc4 h6 4. 0-0 Nf6 5. Nc3 c6 6. d4 d6 7. h3 b5 8. Bb3 b4 9. dxe5 dxe5 10. Na4 Qc7 11. Re1 Be7 12. Be3 Nbd7 13. Nd2 Ba6 14. c3 Bd3 15. cxb4 Bxb4 16. Bxf7+ Kf8 17. Bg6 Bxd2 18. Bxd2 Bc4 19. Rc1 Bf7 20. Bxf7 Kxf7 21. Qb3+ Kg6 22. Nc5 Nxc5 23. Rxc5 Rhe8 24. Qf3 Kh7 25. Rec1 Rac8 26. Qf5+ Kh8 27. Be3 Qd7 28. Qxd7 Nxd7 29. Rxc6 Rb8 30. b3 Nf6 31. f3 Re7 32. Bxh6 Nh5 33. Bg5 Reb7 34. g4 Nf4 35. Bxf4 exf4 36. Rc7 a5 37. Rxb7 Rxb7 38. Kf2 a4 39. Rb1 Rc7 40. Rb2 a3 41. Rd2 Rc1 42. h4 Rb1 43. Ke2 Rh1 44. g5 Rxh4 45. g6 Rh2+ 46. Kd1 1-0

[Event "Barcelona Sant Marti op-B 21st"]
[Site "Barcelona"]
[Date "2019.07.15"]
[Round "3"]
[White "Pascual Gonzalez, Novelles Carle"]
[Black "Amirkhanyan, Mane"]
[Result "1/2-1/2"]
[WhiteElo "1752"]
[BlackElo "1357"]
[PlyCount "63"]
[EventDate "2019.07.13"]
[EventType "swiss"]
[EventRounds "9"]
[EventCountry "ESP"]
[SourceTitle "EXT 2020"]
[Source "ChessBase"]
[SourceDate "2019.10.17"]
[SourceVersion "1"]
[SourceVersionDate "2019.10.17"]
[SourceQuality "1"]

1. e4 e5 2. Nf3 Nc6 3. Bc4 Bc5 4. c3 Qe7 5. 0-0 Nf6 6. d3 h6 7. h3 d6 8. Be3 Bb6 9. Nbd2 Be6 10. Bb5 Bd7 11. Ba4 0-0 12. Bb3 Be6 13. Bc2 d5 14. exd5 Nxd5 15. d4 exd4 16. Nxd4 Bd7 17. Nxc6 Bxc6 18. Bxb6 Nxb6 19. Qg4 Rad8 20. Rfe1 Qd7 21. Qxd7 Rxd7 22. Nb3 Rfd8 23. Re2 Rd5 24. Nd4 Bb5 25. Nxb5 Rxb5 26. Rae1 Kf8 27. Bb3 g6 28. Re7 Rd7 29. Re8+ Kg7 30. R8e4 c6 31. R1e2 Nc8 32. Kf1 1/2-1/2

[Event "Barcelona 150 aniversity 5"]
[Site "Barcelona"]
[Date "2019.06.14"]
[Round "8.4"]
[White "Pascual Gonzalez, Novelles Carle"]
[Black "Abreu Sanchez, Leonel Jesus"]
[Result "1-0"]
[WhiteElo "1752"]
[BlackElo "1736"]
[PlyCount "69"]
[EventDate "2019.04.26"]
[EventType "swiss"]
[EventRounds "9"]
[EventCountry "ESP"]
[SourceTitle "EXT 2024"]
[Source "ChessBase"]
[SourceDate "2023.10.10"]
[SourceVersion "1"]
[SourceVersionDate "2023.10.10"]
[SourceQuality "1"]

1. e4 e5 2. Nf3 Nf6 3. Nxe5 d6 4. Nf3 Nxe4 5. d4 d5 6. Bd3 Be7 7. 0-0 0-0 8. Re1 Nf6 9. Bg5 Nc6 10. c3 Bg4 11. Nbd2 h6 12. Bh4 Nh5 13. Bg3 Nxg3 14. hxg3 Kh8 15. Qc2 Bd6 16. c4 Nb4 17. Qb1 dxc4 18. Bxc4 Qd7 19. a3 Bf5 20. Ne4 Nc6 21. Qd1 Rae8 22. Bd3 Bg4 23. Bc2 f5 24. Nxd6 Qxd6 25. Rxe8 Rxe8 26. Qd3 Qf6 27. d5 Ne5 28. Nxe5 Rxe5 29. f3 Bh5 30. g4 Bf7 31. gxf5 Bxd5 32. f4 Be4 33. Qe3 Bxc2 34. fxe5 Qxf5 35. e6 1-0

[Event "Barcelona 150 aniversity 5"]
[Site "Barcelona"]
[Date "2019.05.10"]
[Round "3.2"]
[White "Pascual Gonzalez, Novelles Carle"]
[Black "Volart Buil, Jordi"]
[Result "1-0"]
[WhiteElo "1752"]
[BlackElo "1625"]
[PlyCount "26"]
[EventDate "2019.04.26"]
[EventType "swiss"]
[EventRounds "9"]
[EventCountry "ESP"]
[SourceTitle "EXT 2024"]
[Source "ChessBase"]
[SourceDate "2023.10.10"]
[SourceVersion "1"]
[SourceVersionDate "2023.10.10"]
[SourceQuality "1"]

1. e4 c5 2. Nc3 b6 3. d3 a6 4. f4 Bb7 5. Nf3 d5 6. exd5 Bxd5 7. Nxd5 Qxd5 8. Be2 Nd7 9. 0-0 Ngf6 10. c3 e6 11. Ne5 Qd6 12. Bf3 Ra7 13. Qe2 Rc7 1-0

[Event "Barcelona La Lira op 37th"]
[Site "Barcelona"]
[Date "2019.02.15"]
[Round "5"]
[White "Tortosa Moros, Joan"]
[Black "Pascual Gonzalez, Novelles Carle"]
[Result "0-1"]
[WhiteElo "1694"]
[BlackElo "1759"]
[PlyCount "74"]
[EventDate "2019.01.18"]
[EventType "swiss"]
[EventRounds "8"]
[EventCountry "ESP"]
[SourceTitle "CBM 189 Extra"]
[Source "ChessBase"]
[SourceDate "2019.06.03"]
[SourceVersion "1"]
[SourceVersionDate "2019.06.03"]
[SourceQuality "1"]

1. e4 e6 2. d4 d5 3. Nc3 Bb4 4. e5 c5 5. a3 Bxc3+ 6. bxc3 Qc7 7. Qg4 f5 8. exf6 Nxf6 9. Qf4 Qa5 10. Bd2 Qb6 11. Bc1 0-0 12. dxc5 Qxc5 13. Qe3 Qc7 14. Nf3 e5 15. Be2 e4 16. Nd4 Nc6 17. 0-0 a6 18. h3 Ne5 19. Qg3 Qe7 20. a4 Re8 21. Bg5 Qf7 22. Rab1 Qg6 23. Bxf6 Qxf6 24. Rb4 Nc6 25. Nxc6 bxc6 26. Rfb1 Bf5 27. Rb7 Bg6 28. h4 e3 29. fxe3 Qxc3 30. h5 Rxe3 31. Rb8+ Be8 32. Qg4 Rxb8 33. Rxb8 Qe1+ 34. Kh2 Qxe2 35. Qg5 Re5 36. Rxe8+ Rxe8 37. h6 Qe5+ 0-1

[Event "Barcelona La Lira op 37th"]
[Site "Barcelona"]
[Date "2019.02.01"]
[Round "3"]
[White "Pascual Gonzalez, Novelles Carle"]
[Black "Martin Arranz, Lluis"]
[Result "0-1"]
[WhiteElo "1759"]
[BlackElo "1591"]
[PlyCount "72"]
[EventDate "2019.01.18"]
[EventType "swiss"]
[EventRounds "8"]
[EventCountry "ESP"]
[SourceTitle "CBM 189 Extra"]
[Source "ChessBase"]
[SourceDate "2019.06.03"]
[SourceVersion "1"]
[SourceVersionDate "2019.06.03"]
[SourceQuality "1"]

1. e4 e6 2. d4 d5 3. Nc3 Bb4 4. e5 c5 5. a3 Bxc3+ 6. bxc3 Ne7 7. Qg4 Nf5 8. Bd3 h5 9. Qf3 Nc6 10. Bxf5 exf5 11. Ne2 Be6 12. Qg3 Qa5 13. Bd2 Qa4 14. Qxg7 0-0-0 15. Nf4 Qxc2 16. Qg3 Qe4+ 17. Qe3 cxd4 18. cxd4 Nxd4 19. 0-0 Qxe3 20. Bxe3 Nc6 21. Rac1 Kb8 22. Bc5 d4 23. Rfd1 Rd7 24. Bd6+ Ka8 25. Rd3 h4 26. Ne2 f6 27. Nxd4 Nxe5 28. Rdc3 Rxd6 29. Nxe6 Nc6 30. Nf4 a6 31. Kf1 Rhd8 32. h3 Rd4 33. Ne6 Rd1+ 34. Rxd1 Rxd1+ 35. Ke2 Rd6 36. Re3 Rxe6 0-1

[Event "Barcelona Sant Marti op-B 20th"]
[Site "Barcelona"]
[Date "2018.07.21"]
[Round "9"]
[White "Fernandez Egea, Andres"]
[Black "Pascual Gonzalez, Novelles Carle"]
[Result "1-0"]
[WhiteElo "1876"]
[BlackElo "1717"]
[PlyCount "61"]
[EventDate "2018.07.13"]
[EventType "swiss"]
[EventRounds "9"]
[EventCountry "ESP"]
[SourceTitle "EXT 2019"]
[Source "ChessBase"]
[SourceDate "2018.10.10"]
[SourceVersion "1"]
[SourceVersionDate "2018.10.10"]
[SourceQuality "1"]

1. d4 Nf6 2. Bf4 d5 3. e3 e6 4. Nd2 c5 5. c3 Nc6 6. h3 cxd4 7. exd4 Be7 8. Ngf3 0-0 9. Bd3 Re8 10. g4 Bd6 11. Ne5 Bxe5 12. dxe5 Nd7 13. Nf3 Qc7 14. Qe2 f6 15. g5 Ncxe5 16. Nxe5 Nxe5 17. Bxh7+ Kf8 18. gxf6 gxf6 19. Bxe5 Qxe5 20. Qxe5 fxe5 21. Rg1 Ke7 22. h4 Bd7 23. Rg7+ Kd6 24. h5 Rh8 25. Ke2 Raf8 26. Rh1 Rf6 27. Bg6 e4 28. h6 Bb5+ 29. Ke1 e5 30. h7 Ke6 31. Rg8 1-0

[Event "Barcelona Tres Peons-E 47th"]
[Site "Barcelona"]
[Date "2018.06.22"]
[Round "9.2"]
[White "Pascual Gonzalez, Novelles Carle"]
[Black "Marquinez Costa, Victor"]
[Result "1-0"]
[WhiteElo "1705"]
[BlackElo "1717"]
[PlyCount "45"]
[EventDate "2018.04.27"]
[EventType "tourn"]
[EventRounds "9"]
[EventCountry "ESP"]
[SourceTitle "EXT 2024"]
[Source "ChessBase"]
[SourceDate "2023.10.10"]
[SourceVersion "1"]
[SourceVersionDate "2023.10.10"]
[SourceQuality "1"]

1. e4 e6 2. d4 d5 3. Nc3 Nf6 4. e5 Nfd7 5. f4 c5 6. Nf3 cxd4 7. Nxd4 Nc6 8. Be3 a6 9. a3 Nb6 10. Bd3 Nc4 11. Nxc6 Nxe3 12. Nxd8 Nxd1 13. Nxf7 Nxc3 14. Nxh8 Ne4 15. g4 Bc5 16. Bxe4 dxe4 17. g5 Bd7 18. g6 hxg6 19. Nxg6 Kf7 20. Nh4 Rh8 21. Ng2 Rh3 22. 0-0-0 Kg6 23. Rxd7 1-0

[Event "Barcelona Tres Peons-E 47th"]
[Site "Barcelona"]
[Date "2018.06.15"]
[Round "8.4"]
[White "Babayan, Andranik"]
[Black "Pascual Gonzalez, Novelles Carle"]
[Result "1-0"]
[WhiteElo "1758"]
[BlackElo "1705"]
[PlyCount "92"]
[EventDate "2018.04.27"]
[EventType "tourn"]
[EventRounds "9"]
[EventCountry "ESP"]
[SourceTitle "EXT 2024"]
[Source "ChessBase"]
[SourceDate "2023.10.10"]
[SourceVersion "1"]
[SourceVersionDate "2023.10.10"]
[SourceQuality "1"]

1. d4 Nf6 2. c4 g6 3. Nc3 d5 4. Nf3 Bg7 5. e3 c6 6. Bd3 0-0 7. 0-0 Nbd7 8. Bd2 dxc4 9. Bxc4 Nb6 10. Bb3 Bf5 11. Ne5 Rc8 12. Ne2 Ne4 13. f4 c5 14. Ba5 Qd6 15. Rc1 c4 16. Nxc4 Nxc4 17. Rxc4 b6 18. Bb4 Qd7 19. Nc1 a5 20. Be1 Rxc4 21. Bxc4 b5 22. Bd3 b4 23. Nb3 Qd5 24. Qf3 a4 25. Nc5 Nf6 26. Bxb4 Bxd3 27. Nxd3 Qxa2 28. Bxe7 Re8 29. Bc5 Qb3 30. Qe2 Nd5 31. e4 Qc4 32. e5 Nc7 33. Rc1 Qd5 34. Qf2 Ne6 35. h3 Qe4 36. Qf3 Nxc5 37. Nxc5 Qxd4+ 38. Qf2 Qb4 39. Rc2 Bf8 40. Nd7 Bh6 41. Nf6+ Kf8 42. Nxe8 Kxe8 43. Rc8+ Kd7 44. Rc2 Qe4 45. Qd2+ Ke6 46. Qd6+ Kf5 1-0

[Event "Barcelona Tres Peons-E 47th"]
[Site "Barcelona"]
[Date "2018.05.25"]
[Round "5.4"]
[White "Pascual Gonzalez, Novelles Carle"]
[Black "Salvador Gomez, Jesus Francisco"]
[Result "1-0"]
[WhiteElo "1705"]
[BlackElo "1619"]
[PlyCount "48"]
[EventDate "2018.04.27"]
[EventType "tourn"]
[EventRounds "9"]
[EventCountry "ESP"]
[SourceTitle "EXT 2024"]
[Source "ChessBase"]
[SourceDate "2023.10.10"]
[SourceVersion "1"]
[SourceVersionDate "2023.10.10"]
[SourceQuality "1"]

1. e4 e5 2. Nf3 Nc6 3. Bc4 Nf6 4. d3 Be7 5. c3 0-0 6. 0-0 a6 7. a4 d5 8. exd5 Nxd5 9. Re1 Bf6 10. Nbd2 Bf5 11. Nf1 h6 12. Be3 Bg4 13. Bc5 Re8 14. Ng3 b6 15. Ba3 Na5 16. Ba2 c6 17. Ne4 Be7 18. Bxe7 Rxe7 19. h3 Bh5 20. Ng3 Bxf3 21. Qxf3 Qc7 22. Nf5 Re6 23. Qg3 g5 24. h4 Rae8 1-0

[Event "Barcelona Tres Peons-E 47th"]
[Site "Barcelona"]
[Date "2018.05.11"]
[Round "3.5"]
[White "Pascual Gonzalez, Novelles Carle"]
[Black "Volart Buil, Jordi"]
[Result "0-1"]
[WhiteElo "1705"]
[BlackElo "1710"]
[PlyCount "43"]
[EventDate "2018.04.27"]
[EventType "tourn"]
[EventRounds "9"]
[EventCountry "ESP"]
[SourceTitle "EXT 2024"]
[Source "ChessBase"]
[SourceDate "2023.10.10"]
[SourceVersion "1"]
[SourceVersionDate "2023.10.10"]
[SourceQuality "1"]

1. e4 e5 2. Nf3 Qe7 3. Bc4 h6 4. c3 Nf6 5. 0-0 d6 6. d3 c6 7. Nbd2 b5 8. Bb3 a5 9. a4 Ba6 10. axb5 cxb5 11. Rxa5 Qc7 12. Ra1 Nbd7 13. c4 b4 14. Ba4 Be7 15. Bb5 Bb7 16. Rxa8+ Bxa8 17. Qa4 0-0 18. Qxb4 Nb8 19. Qc3 Bb7 20. b4 Nc6 21. Nb3 Ra8 22. Be3 0-1

[Event "Barcelona Ponce Memorial 3rd"]
[Site "Barcelona"]
[Date "2018.04.14"]
[Round "2"]
[White "Pascual Gonzalez, Novelles Carle"]
[Black "Cervello Tost, Roger"]
[Result "0-1"]
[WhiteElo "1705"]
[BlackElo "1972"]
[PlyCount "64"]
[EventDate "2018.04.07"]
[EventType "swiss"]
[EventRounds "9"]
[EventCountry "ESP"]
[SourceTitle "CBM 184 Extra"]
[Source "ChessBase"]
[SourceDate "2018.06.28"]
[SourceVersion "1"]
[SourceVersionDate "2018.06.28"]
[SourceQuality "1"]

1. e4 e5 2. Nf3 Nc6 3. Bc4 Nf6 4. d3 Bc5 5. c3 d6 6. 0-0 Bb6 7. Be3 Be6 8. Bxe6 fxe6 9. Ng5 Qe7 10. Qb3 Nd8 11. Qa4+ Qd7 12. Qxd7+ Nxd7 13. Bxb6 axb6 14. Na3 Ke7 15. f4 exf4 16. Rxf4 h6 17. Nh3 e5 18. Rf3 g5 19. Rf5 Ne6 20. g3 Ndc5 21. Nf2 Na4 22. Nd1 Nxb2 23. Nxb2 Rxa3 24. c4 Rf8 25. Kg2 Rxf5 26. exf5 Nc5 27. Kf3 Nb3 28. f6+ Kf7 29. Rb1 Rxa2 30. Ke2 c5 31. Ke3 Nd4 32. Nd1 Re2# 0-1

[Event "Foment Martinenc op-B 19st"]
[Site "Barcelona"]
[Date "2017.06.17"]
[Round "9.14"]
[White "Alvarez Albiol, Daniel"]
[Black "Pascual Gonzalez, Novelles Carle"]
[Result "1-0"]
[WhiteElo "1553"]
[BlackElo "1781"]
[PlyCount "105"]
[EventDate "2017.04.22"]
[EventType "swiss"]
[EventRounds "9"]
[EventCountry "ESP"]
[SourceTitle "EXT 2024"]
[Source "ChessBase"]
[SourceDate "2023.10.10"]
[SourceVersion "1"]
[SourceVersionDate "2023.10.10"]
[SourceQuality "1"]

1. e4 e6 2. d4 d5 3. Bd3 Nf6 4. e5 Nfd7 5. f4 c5 6. c3 Nc6 7. Nf3 Be7 8. Be3 f5 9. exf6 Nxf6 10. dxc5 Ng4 11. Bd4 Nxd4 12. cxd4 0-0 13. Qd2 Qc7 14. h3 Nh6 15. g3 Nf5 16. Bxf5 exf5 17. Nc3 Be6 18. Qe2 Bf7 19. Ne5 Bf6 20. 0-0 a6 21. Na4 Rfe8 22. Nb6 Rad8 23. b4 h5 24. h4 Re7 25. Qf3 Ree8 26. a4 g6 27. b5 axb5 28. axb5 Kg7 29. Ra7 Re7 30. Rd1 Qb8 31. Ra8 Qc7 32. Rxd8 Qxd8 33. Nxf7 Rxf7 34. Qxd5 Qe8 35. Qc4 Qe3+ 36. Kg2 Qe4+ 37. Kf2 Bxh4 38. gxh4 Qxf4+ 39. Ke2 Re7+ 40. Kd3 Re3+ 41. Kc2 Qe4+ 42. Kc1 Re2 43. Qd3 Qf4+ 44. Kb1 Re3 45. Qc2 Qf3 46. Na4 Rb3+ 47. Nb2 Rc3 48. Qd2 Qe4+ 49. Ka2 Qd5+ 50. Kb1 Qe4+ 51. Nd3 Qxd4 52. Qb2 Qc4 53. Rc1 1-0

[Event "Barcelona Primavera La Lira op 10th"]
[Site "Barcelona"]
[Date "2017.06.01"]
[Round "7"]
[White "Gonzalez Canovas, Sebastian"]
[Black "Pascual Gonzalez, Novelles Carle"]
[Result "1-0"]
[WhiteElo "1661"]
[BlackElo "1781"]
[PlyCount "55"]
[EventDate "2017.04.20"]
[EventType "swiss"]
[EventRounds "9"]
[EventCountry "ESP"]
[SourceTitle "EXT 2018"]
[Source "ChessBase"]
[SourceDate "2017.10.13"]
[SourceVersion "1"]
[SourceVersionDate "2017.10.13"]
[SourceQuality "1"]

1. c4 Nf6 2. Nc3 g6 3. g3 Bg7 4. Bg2 c6 5. Nf3 d5 6. cxd5 Nxd5 7. 0-0 Nd7 8. Nxd5 cxd5 9. d4 0-0 10. e3 Nf6 11. Bd2 Bg4 12. Rc1 Rc8 13. h3 Bf5 14. Qe2 Qd7 15. Ne5 Qd6 16. a3 Qe6 17. Kh2 Be4 18. f3 Bc2 19. Bb4 Ba4 20. Qd2 Rfe8 21. Rxc8 Rxc8 22. Rc1 b6 23. Rxc8+ Qxc8 24. Bxe7 Qc7 25. Bb4 Nh5 26. f4 Bb3 27. Qc3 Bc4 28. Bxd5 1-0

[Event "Barcelona Primavera La Lira op 10th"]
[Site "Barcelona"]
[Date "2017.05.04"]
[Round "3"]
[White "Falomir Ballega, Sergi"]
[Black "Pascual Gonzalez, Novelles Carle"]
[Result "1-0"]
[WhiteElo "1674"]
[BlackElo "1781"]
[PlyCount "59"]
[EventDate "2017.04.20"]
[EventType "swiss"]
[EventRounds "9"]
[EventCountry "ESP"]
[SourceTitle "EXT 2018"]
[Source "ChessBase"]
[SourceDate "2017.10.13"]
[SourceVersion "1"]
[SourceVersionDate "2017.10.13"]
[SourceQuality "1"]

1. d4 Nf6 2. Nf3 d5 3. e3 e6 4. Bd3 Nbd7 5. b3 Bd6 6. Bb2 0-0 7. 0-0 Re8 8. Ne5 Nf8 9. Nd2 c6 10. f4 Ng6 11. Rf3 Bxe5 12. fxe5 Ng4 13. Rxf7 Qh4 14. Qf3 Nxh2 15. Qf2 Qxf2+ 16. Rxf2 Ng4 17. Bxg6 hxg6 18. Rf3 Nh6 19. Ba3 g5 20. Raf1 g4 21. Rf8+ Rxf8 22. Rxf8+ Kh7 23. e4 b6 24. Re8 Nf7 25. c4 Kg6 26. cxd5 cxd5 27. exd5 exd5 28. e6 Nh6 29. e7 Nf5 30. Rf8 1-0

[Event "Barcelona La Lira op 35th"]
[Site "Barcelona"]
[Date "2017.02.10"]
[Round "4"]
[White "Pascual Gonzalez, Novelles Carle"]
[Black "Bieg Pagel, Clemens"]
[Result "1/2-1/2"]
[WhiteElo "1734"]
[BlackElo "1891"]
[PlyCount "72"]
[EventDate "2017.01.20"]
[EventType "swiss"]
[EventRounds "8"]
[EventCountry "ESP"]
[SourceTitle "EXT 2018"]
[Source "ChessBase"]
[SourceDate "2017.10.13"]
[SourceVersion "1"]
[SourceVersionDate "2017.10.13"]
[SourceQuality "1"]

1. e4 e5 2. Nf3 Nc6 3. Bc4 Nf6 4. d3 Be7 5. c3 d6 6. Be3 0-0 7. Nbd2 Na5 8. Bb5 a6 9. Ba4 b5 10. Bc2 c5 11. h3 Qc7 12. 0-0 Nc6 13. d4 Bd7 14. a4 Rfc8 15. Qe2 exd4 16. cxd4 cxd4 17. axb5 Nb4 18. b6 Qb7 19. Bb3 Bb5 20. Nc4 dxe3 21. e5 dxe5 22. Nfxe5 Nbd5 23. Qf3 Bc6 24. Na5 Qxb6 25. Nexc6 Rxc6 26. Bxd5 Nxd5 27. Qxd5 Rcc8 28. Nc4 exf2+ 29. Rxf2 Qe6 30. Qxe6 fxe6 31. Nb6 Bc5 32. Nxc8 Bxf2+ 33. Kxf2 Rxc8 34. Rxa6 Rc2+ 35. Kf3 Rxb2 36. Rxe6 Kf7 1/2-1/2

[Event "Barcelona La Lira op 35th"]
[Site "Barcelona"]
[Date "2017.01.20"]
[Round "1"]
[White "Orts Gonzalez, Rafael"]
[Black "Pascual Gonzalez, Novelles Carle"]
[Result "0-1"]
[WhiteElo "1127"]
[BlackElo "1734"]
[PlyCount "74"]
[EventDate "2017.01.20"]
[EventType "swiss"]
[EventRounds "8"]
[EventCountry "ESP"]
[SourceTitle "EXT 2018"]
[Source "ChessBase"]
[SourceDate "2017.10.13"]
[SourceVersion "1"]
[SourceVersionDate "2017.10.13"]
[SourceQuality "1"]

1. d4 Nf6 2. Bf4 g6 3. e3 Bg7 4. Be2 0-0 5. Qc1 d5 6. Nc3 c6 7. a4 a5 8. Nf3 Nbd7 9. 0-0 Nh5 10. Be5 Nxe5 11. dxe5 Bh6 12. Rd1 Ng7 13. Ne4 Qc7 14. Ned2 Ne6 15. c4 d4 16. exd4 Rd8 17. Qc3 Qb6 18. c5 Qc7 19. Ne4 Nf4 20. Bf1 Bf5 21. Ng3 Nd5 22. Qe1 Bg4 23. Rd3 Nb4 24. Rc3 Bxf3 25. gxf3 Rxd4 26. Qb1 Qxe5 27. Ne2 Rh4 28. f4 Rxf4 29. Nxf4 Bxf4 30. Rh3 Rd8 31. Raa3 Rd2 32. Rac3 Qd4 33. Rhf3 Be5 34. h3 Qd5 35. Rfd3 Nxd3 36. Rxd3 Rxd3 37. h4 Rd4 0-1

[Event "Barcelona Sant Marti op-B 18th"]
[Site "Barcelona"]
[Date "2016.07.16"]
[Round "4.9"]
[White "Pascual Gonzalez, Novelles Carle"]
[Black "Flores Mendoza, Jose Antonio"]
[Result "0-1"]
[WhiteElo "1718"]
[BlackElo "1877"]
[PlyCount "58"]
[EventDate "2016.07.13"]
[EventType "swiss"]
[EventRounds "9"]
[EventCountry "ESP"]
[SourceTitle "EXT 2024"]
[Source "ChessBase"]
[SourceDate "2023.10.10"]
[SourceVersion "1"]
[SourceVersionDate "2023.10.10"]
[SourceQuality "1"]

1. e4 e6 2. d4 d5 3. Nc3 Nf6 4. e5 Nfd7 5. f4 c5 6. Nf3 Nc6 7. Ne2 cxd4 8. Nexd4 Be7 9. c3 Nc5 10. Be2 Bd7 11. 0-0 0-0 12. Kh1 a6 13. a4 Rc8 14. Nxc6 Bxc6 15. Nd4 Bd7 16. Bf3 f5 17. exf6 Bxf6 18. Be3 Bxd4 19. Bxd4 Rxf4 20. Be3 Rf8 21. b4 Ne4 22. Bd4 Nxc3 23. Qd3 Nxa4 24. Qe3 b5 25. Rf2 Qh4 26. Be5 Rf5 27. Raf1 Rxe5 28. Be4 Rxe4 29. Qc1 Qxf2 0-1

[Event "Barcelona Tres Peons-E 45th"]
[Site "Barcelona"]
[Date "2016.05.20"]
[Round "6.2"]
[White "Torrents Ludewig, Miguel"]
[Black "Pascual Gonzalez, Novelles Carle"]
[Result "1-0"]
[WhiteElo "1873"]
[BlackElo "1839"]
[PlyCount "37"]
[EventDate "2016.04.15"]
[EventType "swiss"]
[EventRounds "9"]
[EventCountry "ESP"]
[SourceTitle "EXT 2024"]
[Source "ChessBase"]
[SourceDate "2023.10.10"]
[SourceVersion "1"]
[SourceVersionDate "2023.10.10"]
[SourceQuality "1"]

1. d4 Nf6 2. Nf3 d5 3. c4 g6 4. cxd5 Nxd5 5. g3 Bg7 6. Bg2 c6 7. 0-0 0-0 8. e4 Nf6 9. Nc3 e6 10. Re1 Nbd7 11. Bg5 Qb6 12. Qd2 Re8 13. Rad1 e5 14. dxe5 Nxe5 15. Nxe5 Rxe5 16. Qd8+ Re8 17. Bxf6 Bxf6 18. Qxf6 Bg4 19. Bf3 1-0

[Event "Barcelona Primavera La Lira op 9th"]
[Site "Barcelona"]
[Date "2016.05.12"]
[Round "6"]
[White "Rodriguez Guillen, Carlos"]
[Black "Pascual Gonzalez, Novelles Carle"]
[Result "0-1"]
[WhiteElo "1742"]
[BlackElo "1839"]
[PlyCount "92"]
[EventDate "2016.04.07"]
[EventType "swiss"]
[EventRounds "9"]
[EventCountry "ESP"]
[SourceTitle "CBM 172 Extra"]
[Source "ChessBase"]
[SourceDate "2016.06.21"]
[SourceVersion "1"]
[SourceVersionDate "2016.06.21"]
[SourceQuality "1"]

1. e4 e6 2. d4 d5 3. Nc3 Bb4 4. e5 c5 5. a3 Bxc3+ 6. bxc3 Qc7 7. Qg4 cxd4 8. Qxg7 Qxc3+ 9. Kd1 Qxa1 10. Qxh8 Kf8 11. Qxh7 d3 12. Bxd3 Qxe5 13. Nf3 Qg7 14. Qxg7+ Kxg7 15. Bb2+ f6 16. c4 dxc4 17. Bxc4 e5 18. h4 Bg4 19. Be2 Nh6 20. Nh2 Bd7 21. Bc1 Nc6 22. g4 Nd4 23. g5 fxg5 24. Bxg5 Nf7 25. Rg1 Nxe2 26. Kxe2 Nxg5 27. Rxg5+ Kf6 28. Nf3 Rh8 29. Rxe5 Rxh4 30. Ra5 Bg4 31. Rxa7 Rh3 32. Ra4 Bxf3+ 33. Ke1 Bc6 34. Ra8 Ke5 35. Kd2 Ke4 36. Ke2 Bb5+ 37. Kd2 Kd4 38. Rd8+ Kc4 39. Rc8+ Kb3 40. Ra8 Rf3 41. Ke1 Ba4 42. Re8 Kxa3 43. Re3+ Rxe3+ 44. fxe3 Kb3 45. Kd2 b5 46. Kc1 Ka2 0-1